Scientific Reports of The Institute of Geoscience (Record no. 8996)
[ view plain ]
| 000 -LEADER | |
|---|---|
| fixed length control field | 00376cas a2200145 4500 |
| 008 - FIXED-LENGTH DATA ELEMENTS--GENERAL INFORMATION | |
| fixed length control field | 091222n eng u |
| 022 ## - INTERNATIONAL STANDARD SERIAL NUMBER | |
| International Standard Serial Number | 03886182 |
| 035 ## - SYSTEM CONTROL NUMBER | |
| System control number | (Sirsi) a168090 |
| 050 ## - LIBRARY OF CONGRESS CALL NUMBER | |
| Classification number | QE1.45 |
| 245 ## - TITLE STATEMENT | |
| Title | Scientific Reports of The Institute of Geoscience |
| 260 ## - PUBLICATION, DISTRIBUTION, ETC. | |
| Name of publisher, distributor, etc. | Japan |
| Date of publication, distribution, etc. | University of Tsukuba |
| 310 ## - CURRENT PUBLICATION FREQUENCY | |
| Current publication frequency | Annual |
| 362 ## - DATES OF PUBLICATION AND/OR SEQUENTIAL DESIGNATION | |
| Dates of publication and/or sequential designation | vol.25, 2004 |
| 650 ## - SUBJECT ADDED ENTRY--TOPICAL TERM | |
| Topical term or geographic name entry element | Geoscience |
| Withdrawn status | Lost status | Source of classification or shelving scheme | Damaged status | Not for loan | Home library | Current library | Shelving location | Total Checkouts | Full call number | Barcode | Date last seen | Copy number | Price effective from | Koha item type |
|---|---|---|---|---|---|---|---|---|---|---|---|---|---|---|
| Library of Congress Classification | Main Library | Main Library | Serials | QE1.45 | 03886183 | 08/12/2019 | 1 | 08/12/2019 | Periodical |